000 00876cam a22003013a 4500
001 2802
003 PGUSA
005 20140828083021.0
008 010901s2001||||xxu|||||s|||||000 1 eng d
040 _aPGUSA
_beng
042 _adc
050 4 _aPS
100 1 _aJackson, Helen Hunt,
_d1830-1885
245 1 0 _aRamona
_h[electronic resource] /
_cHelen Hunt Jackson
260 _bProject Gutenberg,
_c2001
506 _aPublic domain in the USA.
516 _aElectronic text
653 _aIndians, Treatment of -- Fiction
653 _aPolitical fiction
653 _aCalifornia, Southern -- Fiction
653 _aLove stories
653 _aDidactic fiction
653 _aRacially mixed people -- Fiction
653 _aIndians of North America -- Fiction
830 0 _aProject Gutenberg
_v2802
856 4 0 _uhttp://www.gutenberg.org/ebooks/2802
942 _cEB
999 _c232134
_d232134